000 00502cam a2200193ua 4500
020 _cRs 12.00
041 _aeng
_h
082 _a621.4022
_bBRO/IN
100 _aBrown , Aubrey I .
245 _aIntroduction to heat transfer /
_cAubrey I Brown.
_hTextual Documents
250 _a1 /
_b.
260 _aNew York :
_bMcGraw Hill Book Company ,
_c1958.
300 _a332 ; .
365 _aRs 12.00
504 _a
700 1 _aMarco, Salvatore M .
942 _cBK
999 _c1988
_d1988